000 00295nam a22001337a 4500
008 181017b xxu||||| |||| 00| 0 eng d
020 _a9780395857632
041 _aeng
080 _27th
_a940
100 _a16
101 _aSHH
245 _aAmerican Government
_cWilson,J.Q
942 _2udc
_cBK
999 _c50025
_d50025